| 000 | 01173nam a22003255a 4500 | ||
|---|---|---|---|
| 008 | 150824t2006 en a|||frb||| 001 0 eng d | ||
| 010 | _a 2006298588 | ||
| 020 | _a0521863775 (hbk.) | ||
| 020 | _a9780521863773 | ||
| 020 | _a9780521682442 | ||
| 020 | _a0521682444 (pbk.) | ||
| 035 | _a(OCoLC)ocm65468254 | ||
| 040 |
_aEG-ScBuE _beng _cEG-ScBuE |
||
| 082 | 0 | 4 |
_a297.273 _bTRI _222 |
| 100 | 1 | _aTripp, Charles. | |
| 245 | 1 | 0 |
_aIslam and the moral economy : _bthe challenge of capitalism / _cCharles Tripp. |
| 250 | _a1st. ed. | ||
| 260 |
_aCambridge ; _bCambridge University Press, _cc.2006. |
||
| 300 |
_ax, 229 p. ; _bill. , _c23 cm. |
||
| 500 | _aIndex : p. 225-229. | ||
| 504 | _aBibliography : p. 202-224. | ||
| 590 | _ayassmeen ashraf | ||
| 650 | 0 |
_aIslam _xEconomic aspects. _2BUEsh _935915 |
|
| 650 | 0 |
_aCapitalism _xReligious aspects _xIslam. _2BUEsh |
|
| 651 | _2BUEsh | ||
| 653 |
_bBUSECO _cAugust2015 |
||
| 856 | 4 | 2 |
_3Publisher description _uhttp://www.loc.gov/catdir/enhancements/fy0668/2006298588-d.html |
| 856 | 4 | 2 |
_3Table of contents only _uhttp://www.loc.gov/catdir/enhancements/fy0668/2006298588-t.html |
| 942 |
_cBB _k297.273 TRI _2ddc |
||
| 999 |
_c6974 _d2332 |
||